[Event "23rd 4NCL Congress"]
[Site "South Normanton"]
[Date "2019.10.06"]
[Round "4.13"]
[White "Sudar, Dragoljub"]
[Black "Radford, Mark Sr"]
[Result "1/2-1/2"]
[WhiteElo "1810"]
[BlackElo "1643"]
[PlyCount "150"]
[EventDate "2019.10.04"]

1. e4 e6 2. d4 d5 3. Nd2 Nf6 4. e5 Nfd7 5. Bd3 c5 6. c3 Nc6 7. Ne2 cxd4 8. cxd4
f6 9. exf6 Nxf6 10. a3 Bd6 11. Nf3 Qc7 12. Bg5 O-O 13. Qc2 h6 14. Bh4 Bd7 15.
Bg3 Nh5 16. Bxd6 Qxd6 17. Qd2 Nf4 18. O-O Nxd3 19. Qxd3 Rf6 20. Qe3 Ne7 21.
Rfe1 Nf5 22. Qb3 Bc6 23. Ne5 Qf8 24. Rac1 Rb8 25. Qd3 Qe8 26. Rc5 Nd6 27. f3
Bb5 28. Qc3 Nc4 29. Nxc4 Bxc4 30. b3 Ba6 31. Ng3 Rf7 32. Qe3 b6 33. Rxd5 Qf8
34. Qxe6 Kh8 35. Qd6 Qc8 36. Rde5 Rf8 37. Nf5 Rf6 38. Qxb8 Qxb8 39. Re8+ Qxe8
40. Rxe8+ Kh7 41. Ne3 Rf7 42. Rd8 Rc7 43. d5 Kg6 44. Rd6+ Kf7 45. Rc6 Rd7 46.
d6 g6 47. Rc7 Ke6 48. Rxd7 Kxd7 49. Ng4 Kxd6 50. Kf2 h5 51. Nf6 Bd3 52. Ke3 Bc2
53. b4 Ke6 54. Ne4 Kd5 55. Nd2 b5 56. g3 a6 57. h4 Bf5 58. Ne4 Kc4 59. Nc5 Bc8
60. Kd2 a5 61. Nd3 axb4 62. axb4 Bf5 63. Ne5+ Kxb4 64. g4 hxg4 65. fxg4 Be4 66.
Ke3 Bc2 67. Kd4 Kb3 68. h5 gxh5 69. gxh5 b4 70. h6 Ka2 71. Nd3 Bxd3 72. Kxd3 b3
73. h7 b2 74. h8=Q b1=Q+ 75. Kc4 Qc2+ 1/2-1/2

[Event "23rd 4NCL Congress"]
[Site "South Normanton"]
[Date "2019.10.06"]
[Round "4.14"]
[White "Dewangan, Aayush"]
[Black "Obi, Marc On"]
[Result "1/2-1/2"]
[WhiteElo "1440"]
[BlackElo "1802"]
[PlyCount "101"]
[EventDate "2019.10.04"]

1. e4 g6 2. d4 Bg7 3. Nf3 d6 4. Bc4 e6 5. c3 a6 6. Be3 b5 7. Bb3 Bb7 8. Nbd2
Nd7 9. O-O Ne7 10. Ng5 h6 11. Nh3 d5 12. e5 Nf5 13. Nf4 Qe7 14. Bc2 g5 15. Nh5
Rg8 16. Qb1 Nxe3 17. fxe3 Bh8 18. Bh7 Rf8 19. h3 O-O-O 20. a4 f6 21. Bd3 fxe5
22. axb5 Rxf1+ 23. Qxf1 Rf8 24. Qe2 axb5 25. Bxb5 Nb8 26. Nb3 c6 27. Nc5 cxb5
28. Ra7 Qe8 29. Nxb7 Qc6 30. Nc5 b4 31. Re7 Re8 32. Rxe8+ Qxe8 33. Qg4 exd4 34.
cxd4 Nc6 35. Qxe6+ Qxe6 36. Nxe6 Kd7 37. Nf8+ Kd6 38. Ng6 Bxd4 39. exd4 Nxd4
40. Kf2 Kc5 41. Ne5 Nf5 42. g4 Nd6 43. Ng7 Kd4 44. Nc6+ Kc4 45. Nxb4 Kxb4 46.
Nf5 Ne4+ 47. Ke2 Kb3 48. Nxh6 Kxb2 49. Ke3 Nf2 50. Nf7 Nxh3 51. Nxg5 1/2-1/2

[Event "23rd 4NCL Congress"]
[Site "South Normanton"]
[Date "2019.10.06"]
[Round "4.16"]
[White "Livesey, R  Nigel"]
[Black "Kaper, Andreas"]
[Result "1-0"]
[WhiteElo "1740"]
[BlackElo "1502"]
[PlyCount "41"]
[EventDate "2019.10.04"]

1. c4 Nf6 2. g3 g6 3. Nc3 Bg7 4. Bg2 d6 5. e4 O-O 6. Nge2 Be6 7. d3 c6 8. O-O
Qd7 9. Nf4 c5 10. Nxe6 Qxe6 11. e5 dxe5 12. Bxb7 Nc6 13. Bxa8 Rxa8 14. Be3 Nd7
15. Ne4 Nd4 16. Bxd4 cxd4 17. Qf3 Rf8 18. Nd2 Bh6 19. Nb3 Rb8 20. Rfe1 Nf6 21.
Nxd4 1-0

[Event "23rd 4NCL Congress"]
[Site "South Normanton"]
[Date "2019.10.06"]
[Round "4.17"]
[White "Walshaw, David"]
[Black "Shore, James R"]
[Result "1-0"]
[WhiteElo "1646"]
[BlackElo "1651"]
[PlyCount "110"]
[EventDate "2019.10.04"]

1. g3 d5 2. Bg2 Nf6 3. d3 e5 4. Nd2 Bc5 5. e3 Bg4 6. Ne2 O-O 7. a3 Nc6 8. b4
Bb6 9. Bb2 d4 10. e4 Ne7 11. h3 Bc8 12. g4 Ng6 13. Nf3 c6 14. Qd2 a5 15. c3
axb4 16. axb4 Rxa1+ 17. Bxa1 dxc3 18. Qxc3 Nd7 19. h4 f6 20. h5 Nf4 21. Nxf4
exf4 22. g5 Bc7 23. Nd4 Ne5 24. gxf6 Rxf6 25. f3 Kh8 26. h6 c5 27. hxg7+ Kxg7
28. Nb5 Nxd3+ 29. Ke2 Be5 30. Qxd3 Qxd3+ 31. Kxd3 Bxa1 32. Rxa1 cxb4 33. Bf1
Bd7 34. Nd4 Ra6 35. Rxa6 bxa6 36. Kc2 Kf6 37. Bxa6 h5 38. Kb3 h4 39. Bf1 h3 40.
Kxb4 h2 41. Bg2 Bh3 42. Bh1 Bf1 43. Kc5 Ke5 44. Nf5 Bh3 45. Nh4 Kf6 46. Kd6 Kg5
47. Ng2 Bxg2 48. Bxg2 Kh4 49. e5 Kg3 50. Bh1 Kf2 51. e6 Kg1 52. e7 Kxh1 53.
e8=Q Kg1 54. Qe1+ Kg2 55. Qe2+ Kg3 1-0

[Event "23rd 4NCL Congress"]
[Site "South Normanton"]
[Date "2019.10.06"]
[Round "4.18"]
[White "Gibbs, Dominic V"]
[Black "Robinson, Brian"]
[Result "0-1"]
[WhiteElo "1930"]
[BlackElo "1545"]
[PlyCount "98"]
[EventDate "2019.10.04"]

1. e4 e6 2. d4 d5 3. e5 c5 4. c3 Nc6 5. Nf3 Qb6 6. a3 Bd7 7. b4 cxd4 8. cxd4 f6
9. exf6 Nxf6 10. Bd3 Bd6 11. O-O O-O 12. Bb2 Rae8 13. Nbd2 e5 14. dxe5 Nxe5 15.
Bd4 Qd8 16. Bxa7 Nxd3 17. Bd4 Ne5 18. Ng5 Nc6 19. Bxf6 Qxf6 20. f4 Qd4+ 21. Kh1
Bxf4 22. Nxh7 Kxh7 23. Qh5+ Kg8 24. Nf3 Qe4 25. h4 Qf5 26. Ng5 Rf6 27. g4 Rh6
28. gxf5 Rxh5 29. Rxf4 Rf8 30. Re1 Rh6 31. Kh2 Re8 32. Rxe8+ Bxe8 33. Ne6 Bf7
34. Nc5 Nd8 35. Kg3 Rd6 36. Rd4 Kf8 37. a4 Ke7 38. b5 b6 39. Nd3 Rf6 40. Kg4
Kd6 41. a5 bxa5 42. Ra4 Kc7 43. Rxa5 Nb7 44. Ra1 Kb6 45. Rb1 Nd6 46. Ne5 Be8
47. Rd1 Nxf5 48. Kg5 Ne7 49. Ng4 Rf5# 0-1

[Event "23rd 4NCL Congress"]
[Site "South Normanton"]
[Date "2019.10.06"]
[Round "4.19"]
[White "Arora, Tashika"]
[Black "Sunny, Saurav"]
[Result "1/2-1/2"]
[WhiteElo "1506"]
[BlackElo "1362"]
[PlyCount "171"]
[EventDate "2019.10.04"]

1. d4 Nf6 2. Nf3 e6 3. Bf4 b6 4. e3 Bb7 5. Be2 Be7 6. O-O Nh5 7. Be5 d6 8. Ne1
Nf6 9. Bf4 Nbd7 10. c4 c5 11. Nc3 d5 12. cxd5 Nxd5 13. Nxd5 Bxd5 14. Bf3 Nf6
15. dxc5 Bxf3 16. Qxf3 Bxc5 17. Qc6+ Kf8 18. Nf3 Qd5 19. Qc7 Ne8 20. Qe5 Qxe5
21. Nxe5 Nf6 22. Rfd1 Ke8 23. Nc6 Nd5 24. Bg3 f6 25. Rac1 a5 26. Nd4 Ke7 27. e4
Nb4 28. a3 Rhd8 29. Rc4 Bxd4 30. Rcxd4 Rxd4 31. Rxd4 e5 32. Rd1 Nc6 33. f3 Nd4
34. Bf2 Rd8 35. Kf1 Ke6 36. Bxd4 exd4 37. Ke2 Ke5 38. Kd3 Rc8 39. Rf1 g5 40. g3
a4 41. Rf2 b5 42. f4+ gxf4 43. Rxf4 Rb8 44. Rf5+ Ke6 45. Kxd4 b4 46. Rc5 bxa3
47. bxa3 Rb3 48. Rc3 Rb5 49. g4 h5 50. h3 hxg4 51. hxg4 Kf7 52. Ke3 Kg6 53. Rd3
Ra5 54. Rd5 Ra6 55. Kf4 Ra7 56. Rd6 Ra5 57. Rd5 Ra6 58. e5 fxe5+ 59. Rxe5 Rf6+
60. Rf5 Rd6 61. Ke4 Rc6 62. Kd4 Rb6 63. Ra5 Rf6 64. Ke5 Rf3 65. Rxa4 Kg5 66.
Kd5 Rc3 67. Kd4 Rg3 68. Kc5 Rb3 69. Kc4 Rg3 70. Kb5 Rb3+ 71. Kc6 Rc3+ 72. Kb6
Rb3+ 73. Ka7 Rc3 74. Ra5+ Kxg4 75. a4 Ra3 76. Kb6 Kf4 77. Ra8 Ke5 78. a5 Kd6
79. a6 Rb3+ 80. Ka7 Kc7 81. Rh8 Ra3 82. Rh7+ Kc6 83. Rb7 Ra5 84. Rb6+ Kc7 85.
Rb7+ Kc6 86. Rb6+ 1/2-1/2

[Event "23rd 4NCL Congress"]
[Site "South Normanton"]
[Date "2019.10.06"]
[Round "5.1"]
[White "Brown, Geoffrey M"]
[Black "Spanton, Tim R"]
[Result "1/2-1/2"]
[WhiteElo "1861"]
[BlackElo "1900"]
[PlyCount "62"]
[EventDate "2019.10.04"]

1. f4 d5 2. Nf3 Nf6 3. e3 Bf5 4. b3 e6 5. Bb2 Nbd7 6. Nc3 c6 7. Ne2 h6 8. Nc1
a5 9. a4 Nc5 10. Be2 Be7 11. O-O O-O 12. Ne5 Nfd7 13. Ncd3 Nxd3 14. Nxd3 Qc7
15. Ne5 Nxe5 16. Bxe5 Qd8 17. Ra2 Bf6 18. Qa1 Rc8 19. g4 Bh7 20. d3 Bxe5 21.
Qxe5 Qf6 22. Qxf6 gxf6 23. Kf2 f5 24. Rg1 fxg4 25. Rxg4+ Bg6 26. Ra1 Kh7 27.
Rag1 Rg8 28. Bf3 f5 29. R4g3 Bf7 30. Rxg8 Rxg8 31. Rxg8 Bxg8 {scoresheets
unreadable} 1/2-1/2

[Event "23rd 4NCL Congress"]
[Site "South Normanton"]
[Date "2019.10.06"]
[Round "5.2"]
[White "Garnett, John S"]
[Black "Tokeley, Rob"]
[Result "1/2-1/2"]
[WhiteElo "1861"]
[BlackElo "1840"]
[PlyCount "90"]
[EventDate "2019.10.04"]

1. d4 d5 2. Nf3 Nf6 3. e3 Bg4 4. h3 Bxf3 5. Qxf3 e6 6. Bd3 Nbd7 7. c3 e5 8. e4
exd4 9. exd5 Qe7+ 10. Kd1 Ne5 11. Qe2 Nxd3 12. Qxd3 O-O-O 13. Re1 Qd7 14. c4 c6
15. dxc6 bxc6 16. Bg5 Bb4 17. Bxf6 gxf6 18. Nd2 Rde8 19. Rxe8+ Rxe8 20. a3 Bxd2
21. Kxd2 Qd6 22. Rf1 Qf4+ 23. Kd1 f5 24. Qd2 Qe4 25. Kc1 Qxg2 26. Re1 Rxe1+ 27.
Qxe1 Qe4 28. Qa5 d3 29. Qb4 Qf4+ 30. Kd1 Qxf2 31. Qf8+ Kb7 32. Qxf7+ Kb6 33.
c5+ Qxc5 34. Qb3+ Qb5 35. Qc3 Qd5 36. Qb4+ Qb5 37. Qd6 Qb3+ 38. Ke1 Qc2 39.
Qb8+ Ka6 40. Qc8+ Kb5 41. Qxf5+ c5 42. Qd7+ Kc4 43. Qe6+ Kb5 44. Qd7+ Kc4 45.
Qe6+ Kb5 1/2-1/2

[Event "23rd 4NCL Congress"]
[Site "South Normanton"]
[Date "2019.10.06"]
[Round "5.3"]
[White "Bridgeman, Niamh"]
[Black "Taylor, Robert P"]
[Result "0-1"]
[WhiteElo "1534"]
[BlackElo "1692"]
[PlyCount "72"]
[EventDate "2019.10.04"]

1. f4 d5 2. Nf3 c5 3. e3 Nc6 4. b3 Nf6 5. Bb2 e6 6. Bb5 Bd7 7. O-O Be7 8. d3
O-O 9. Nbd2 a6 10. Bxc6 Bxc6 11. Ne5 Rc8 12. g4 Nd7 13. Nxc6 Rxc6 14. g5 Qb6
15. Qh5 c4 16. Bd4 Bc5 17. Bxc5 Qxc5 18. Rf3 Rfc8 19. Rh3 Nf8 20. dxc4 Qb4 21.
Qd1 dxc4 22. Nxc4 b5 23. a3 Qe7 24. Ne5 Rxc2 25. Nd3 R2c3 26. Nb4 a5 27. Na2
Rc2 28. b4 a4 29. Rf3 Qb7 30. Rf2 Qe4 31. Qd4 Qf5 32. Rxc2 Rxc2 33. Qd1 Qe4 34.
Qf1 Qxe3+ 35. Kh1 Qd2 36. Qh3 Qd5+ 0-1

[Event "23rd 4NCL Congress"]
[Site "South Normanton"]
[Date "2019.10.06"]
[Round "5.4"]
[White "Graham, Neil"]
[Black "Davies, Sam"]
[Result "1/2-1/2"]
[WhiteElo "1769"]
[BlackElo "1720"]
[PlyCount "28"]
[EventDate "2019.10.04"]

1. d4 Nf6 2. f3 c5 3. d5 d6 4. c4 e5 5. e4 Be7 6. Bd3 O-O 7. Nc3 Na6 8. Nge2
Ne8 9. O-O Bg5 10. f4 exf4 11. Nxf4 h6 12. a3 Nf6 13. h3 Nd7 14. b3 Ne5 1/2-1/2

[Event "23rd 4NCL Congress"]
[Site "South Normanton"]
[Date "2019.10.06"]
[Round "5.5"]
[White "Clegg, Robert"]
[Black "Jarvis, Derek A"]
[Result "1-0"]
[WhiteElo "1741"]
[BlackElo "1942"]
[PlyCount "115"]
[EventDate "2019.10.04"]

1. d4 d5 2. c4 e6 3. Nc3 Bb4 4. Nf3 Nf6 5. Bg5 h6 6. Bh4 dxc4 7. a4 Nc6 8. e3
g5 9. Bg3 Ne4 10. Qc2 Nxg3 11. hxg3 Qd5 12. Nd2 Bxc3 13. Qxc3 Bd7 14. Nxc4 a5
15. Nd2 O-O-O 16. Be2 e5 17. Bf3 exd4 18. Bxd5 dxc3 19. bxc3 Ne5 20. Ke2 Bg4+
21. Bf3 Be6 22. Be4 Rd6 23. Rab1 b6 24. f4 Rhd8 25. Rbd1 Nc4 26. Nf3 Rxd1 27.
Rxd1 Rxd1 28. Kxd1 Nxe3+ 29. Ke2 gxf4 30. Nd4 Nd5 31. Nxe6 fxe6 32. Bxd5 exd5
33. gxf4 Kd7 34. Ke3 Ke6 35. g4 c5 36. Kd3 Kf6 37. Ke3 Kg6 38. Kf3 h5 39. f5+
Kg5 40. gxh5 Kxf5 41. h6 Kg6 42. Kf4 b5 43. axb5 a4 44. b6 a3 45. b7 a2 46.
b8=Q a1=Q 47. Qd6+ Kh7 48. Qxc5 Kxh6 49. Ke5 Qe1+ 50. Kxd5 Qd2+ 51. Kc6 Kg7 52.
Qd4+ Qxd4 53. cxd4 Kf7 54. Kc7 Kf6 55. d5 Kf7 56. d6 Kf8 57. Kd8 Kf7 58. d7 1-0

[Event "23rd 4NCL Congress"]
[Site "South Normanton"]
[Date "2019.10.06"]
[Round "5.6"]
[White "Dunkley, Michael"]
[Black "Davies, Peter L"]
[Result "0-1"]
[WhiteElo "1732"]
[BlackElo "1933"]
[PlyCount "54"]
[EventDate "2019.10.04"]

1. d4 Nf6 2. Bf4 d5 3. e3 c5 4. c3 Nc6 5. Nd2 e6 6. Ngf3 Be7 7. h3 O-O 8. Bd3
b6 9. Ne5 Bb7 10. Qf3 Nxe5 11. Bxe5 Nd7 12. Bf4 Rc8 13. h4 Qe8 14. O-O-O Bc6
15. Qg3 Kh8 16. Kb1 c4 17. Bc2 b5 18. e4 b4 19. exd5 Bxd5 20. Ne4 b3 21. axb3
cxb3 22. Bd3 Bxe4 23. Bxe4 Nf6 24. Bb7 Qa4 25. Bxc8 Qa2+ 26. Kc1 Ba3 27. Kd2
Ne4+ 0-1

[Event "23rd 4NCL Congress"]
[Site "South Normanton"]
[Date "2019.10.06"]
[Round "5.7"]
[White "Hirst, Joe"]
[Black "Whitehead, Mark A"]
[Result "1/2-1/2"]
[WhiteElo "1660"]
[BlackElo "1847"]
[PlyCount "35"]
[EventDate "2019.10.04"]

1. e4 c5 2. Nf3 e6 3. b3 d6 4. Bb2 Nc6 5. d4 cxd4 6. Nxd4 e5 7. Nxc6 bxc6 8. c4
Nf6 9. Nc3 Be7 10. Be2 Qa5 11. Qd2 O-O 12. O-O Be6 13. Rfd1 Qc7 14. Bf3 Rfd8
15. Qe2 Rd7 16. Rd2 Rad8 17. Rad1 Qb7 18. h3 1/2-1/2

[Event "23rd 4NCL Congress"]
[Site "South Normanton"]
[Date "2019.10.06"]
[Round "5.8"]
[White "Bryant, Richard Be"]
[Black "Maladkar, Lavanya"]
[Result "1-0"]
[WhiteElo "1845"]
[BlackElo "1647"]
[PlyCount "79"]
[EventDate "2019.10.04"]

1. e4 c5 2. Nc3 d6 3. f4 g6 4. Nf3 Bg7 5. Bb5+ Bd7 6. Bxd7+ Qxd7 7. O-O Nc6 8.
d3 Nf6 9. Ne2 O-O 10. c3 b5 11. Qc2 b4 12. Bd2 a5 13. a4 Rfc8 14. Rae1 Qa7 15.
Kh1 Rab8 16. h3 b3 17. Qb1 Qa6 18. f5 c4 19. d4 Nd7 20. fxg6 hxg6 21. Ng5 Rf8
22. Rf3 Nd8 23. Nf4 Bh6 24. Nd5 e5 25. Rg3 Kg7 26. Qc1 Rh8 27. Ne7 Kf8 28. Nd5
Kg7 29. Rf1 f6 30. Nf3 Bxd2 31. Qxd2 Ne6 32. Ng1 Rbf8 33. Qe2 Qc8 34. Rxg6+ Kf7
35. Qg4 Qd8 36. Nxf6 Nxf6 37. Qf5 Ng7 38. Rxf6+ Ke7 39. Qg6 Ne8 40. Rf7+ 1-0

[Event "23rd 4NCL Congress"]
[Site "South Normanton"]
[Date "2019.10.06"]
[Round "5.9"]
[White "Dean, Robert A"]
[Black "Potter, Steven"]
[Result "1-0"]
[WhiteElo "1750"]
[BlackElo "1720"]
[PlyCount "119"]
[EventDate "2019.10.04"]

1. e4 e6 2. d4 b6 3. Nf3 Bb7 4. Bd3 c5 5. c3 Nf6 6. e5 Nd5 7. O-O Be7 8. Re1
cxd4 9. Nxd4 a6 10. Qg4 Kf8 11. Nd2 Nc6 12. N2f3 h5 13. Qg3 Nxd4 14. Nxd4 Rb8
15. Bd2 Bh4 16. Qh3 Bg5 17. Bxg5 Qxg5 18. Nf3 Qh6 19. Be4 g5 20. Qg3 g4 21. Nd4
Rg8 22. Qd3 h4 23. Nf5 Qg5 24. Nd6 g3 25. hxg3 hxg3 26. fxg3 Qxg3 27. Qxg3 Rxg3
28. Nxb7 Rxb7 29. c4 Rc7 30. cxd5 Rc4 31. dxe6 fxe6 32. Rac1 Rxc1 33. Rxc1 Re3
34. Bb7 Rxe5 35. Bxa6 Ra5 36. Bc8 Rxa2 37. Bxd7 Ke7 38. Bc6 Rxb2 39. Be4 Rb4
40. Bf3 Kf6 41. Rc6 Kf5 42. Kf2 e5 43. g4+ Kg5 44. Re6 e4 45. Be2 Kf4 46. Rf6+
Ke5 47. Rf5+ Kd4 48. Rb5 Ra4 49. Rxb6 Ra8 50. Rf6 Rh8 51. Kg3 Ke3 52. Ba6 Rc8
53. g5 Kd2 54. Kf4 e3 55. g6 e2 56. Bxe2 Kxe2 57. g7 Rc3 58. g8=Q Rf3+ 59. Ke5
Re3+ 60. Kd6 1-0

[Event "23rd 4NCL Congress"]
[Site "South Normanton"]
[Date "2019.10.06"]
[Round "5.10"]
[White "Lv, Jason"]
[Black "Angheluta, Ovidiu"]
[Result "0-1"]
[WhiteElo "1498"]
[BlackElo "1858"]
[PlyCount "64"]
[EventDate "2019.10.04"]

1. d4 Nf6 2. Nf3 e6 3. c4 Bb4+ 4. Bd2 Bxd2+ 5. Qxd2 Ne4 6. Qc2 d5 7. Nc3 Nxc3
8. bxc3 O-O 9. e3 Nd7 10. cxd5 exd5 11. c4 c6 12. cxd5 cxd5 13. Bd3 Nf6 14. O-O
Bg4 15. Ne5 Bh5 16. Qb2 Rb8 17. Be2 Bxe2 18. Qxe2 Ne4 19. Rfc1 f6 20. Nd3 b5
21. f3 Nd6 22. Nf4 Re8 23. Nxd5 Nc4 24. Rxc4 bxc4 25. Qxc4 Kh8 26. e4 Qa5 27.
Qd3 Rb2 28. Nc3 Rc8 29. Rc1 Qa3 30. Ne2 Rxc1+ 31. Nxc1 Qxd3 32. Nxd3 Rd2 0-1

[Event "23rd 4NCL Congress"]
[Site "South Normanton"]
[Date "2019.10.06"]
[Round "5.12"]
[White "Radford, Mark Sr"]
[Black "Bromilow, Edward T"]
[Result "0-1"]
[WhiteElo "1643"]
[BlackElo "1867"]
[PlyCount "66"]
[EventDate "2019.10.04"]

1. Nf3 f5 2. c4 Nf6 3. Nc3 d6 4. d3 e5 5. g3 Be7 6. Bg2 O-O 7. O-O Kh8 8. e4 f4
9. d4 fxg3 10. hxg3 Ng4 11. d5 Qe8 12. Nh2 Qh5 13. Nxg4 Bxg4 14. f3 Bc8 15. Be3
a5 16. Rc1 b6 17. Rc2 Qg6 18. Bf2 Na6 19. a3 Nc5 20. b4 Nb3 21. Rb2 Nd4 22. Ne2
Nxf3+ 23. Bxf3 Rxf3 24. Nf4 Qxe4 25. Ne6 Bxe6 26. dxe6 axb4 27. axb4 Raf8 28.
Qd2 Qxc4 29. Rc2 Qxe6 30. Rxc7 Qf5 31. Kg2 Bg5 32. Qe2 d5 33. Rb7 Be3 0-1

[Event "23rd 4NCL Congress"]
[Site "South Normanton"]
[Date "2019.10.06"]
[Round "5.14"]
[White "Mendis, Vidura"]
[Black "Sudar, Dragoljub"]
[Result "0-1"]
[WhiteElo "1544"]
[BlackElo "1810"]
[PlyCount "82"]
[EventDate "2019.10.04"]

1. e4 c5 2. Nc3 a6 3. a4 g6 4. f4 Bg7 5. Nf3 Nc6 6. Bc4 e6 7. O-O Nge7 8. e5 d5
9. Be2 Nf5 10. a5 Nxa5 11. b3 O-O 12. Ba3 b6 13. d4 Ne3 14. Qd2 Nxf1 15. Bxf1
cxd4 16. Nxd4 Re8 17. Kh1 Nb7 18. Bb4 Nc5 19. Bxc5 bxc5 20. Ndb5 Bb7 21. Nd6
Re7 22. Na4 Qc7 23. Nxb7 Qxb7 24. Nxc5 Qc6 25. Rxa6 Rxa6 26. Nxa6 Ra7 27. Nb4
Ra1 28. Qf2 Qc3 29. Nd3 f6 30. Kg1 fxe5 31. fxe5 Bxe5 32. Nxe5 Qxe5 33. h3 d4
34. Qh4 g5 35. Qf2 Rc1 36. g3 Qe3 37. Qxe3 dxe3 38. Kg2 Rxc2+ 39. Kf3 Rf2+ 40.
Kxe3 Rxf1 41. Kd4 Kf7 0-1

[Event "23rd 4NCL Congress"]
[Site "South Normanton"]
[Date "2019.10.06"]
[Round "5.15"]
[White "Obi, Marc On"]
[Black "Zheng, Jerry Z"]
[Result "1/2-1/2"]
[WhiteElo "1802"]
[BlackElo "1581"]
[PlyCount "98"]
[EventDate "2019.10.04"]

1. d4 Nf6 2. Bf4 e6 3. e3 d5 4. c3 c5 5. Nd2 Bd6 6. Bg3 O-O 7. Bd3 Qc7 8. Ngf3
Nbd7 9. e4 cxd4 10. Nxd4 Bxg3 11. hxg3 Nc5 12. Bc2 Ncxe4 13. Nxe4 Nxe4 14. Qh5
h6 15. Bxe4 dxe4 16. O-O-O Bd7 17. Rh4 f5 18. Rdh1 e5 19. Nc2 Qc4 20. Qd1 Qd3
21. f3 Qxd1+ 22. Rxd1 Bc6 23. Nb4 e3 24. Nxc6 bxc6 25. f4 e4 26. Re1 Rad8 27.
Rxe3 Kf7 28. g4 Kg6 29. gxf5+ Kxf5 30. g3 Rd5 31. c4 Rd7 32. Rh5+ Kg4 33. Rc5
Rfd8 34. b3 Rd1+ 35. Kb2 R1d2+ 36. Ka3 R8d4 37. Re5 R2d3 38. R5xe4 c5 39. Re7
Rxe3 40. Rxe3 Rd2 41. Ka4 Rxa2+ 42. Kb5 Rg2 43. Kxc5 Rxg3 44. Rxg3+ Kxg3 45.
Kd6 h5 46. c5 h4 47. c6 h3 48. c7 h2 49. c8=Q h1=Q 1/2-1/2

[Event "23rd 4NCL Congress"]
[Site "South Normanton"]
[Date "2019.10.06"]
[Round "5.16"]
[White "Dewangan, Aayush"]
[Black "Zheng, Harry Z"]
[Result "1/2-1/2"]
[WhiteElo "1440"]
[BlackElo "1765"]
[PlyCount "54"]
[EventDate "2019.10.04"]

1. e4 e5 2. Nf3 Nc6 3. d4 exd4 4. Bc4 Nf6 5. O-O Nxe4 6. Re1 d5 7. Bxd5 Qxd5 8.
Nc3 Qd8 9. Rxe4+ Be6 10. Nxd4 Nxd4 11. Rxd4 Qf6 12. Nb5 Bd6 13. Rxd6 cxd6 14.
Qxd6 Rc8 15. Nc7+ Rxc7 16. Qxc7 O-O 17. Qf4 Rd8 18. Qf3 Qxf3 19. gxf3 Bh3 20.
Be3 Rd6 21. Kh1 f5 22. Rg1 Kf7 23. c3 Rd3 24. Rg3 Rd1+ 25. Rg1 Rd3 26. Rg3 Rd1+
27. Rg1 Rd3 1/2-1/2

[Event "23rd 4NCL Congress"]
[Site "South Normanton"]
[Date "2019.10.06"]
[Round "5.17"]
[White "Shore, James R"]
[Black "Sunny, Saurav"]
[Result "0-1"]
[WhiteElo "1651"]
[BlackElo "1362"]
[PlyCount "186"]
[EventDate "2019.10.04"]

1. g4 d5 2. Bg2 e5 3. c4 c6 4. cxd5 cxd5 5. Qb3 Ne7 6. Nc3 e4 7. d3 Be6 8. Qxb7
Nbc6 9. Bf4 Na5 10. Qc7 Qxc7 11. Bxc7 Nac6 12. dxe4 dxe4 13. Bxe4 Rc8 14. Nb5
Nd5 15. Bg3 Bb4+ 16. Kf1 O-O 17. a3 a6 18. Nd6 Bxd6 19. Bxd6 Rfd8 20. Bg3 Bxg4
21. h3 Bh5 22. Bf5 Ra8 23. Kg2 Nf6 24. Nf3 Bxf3+ 25. exf3 Rd2 26. Rac1 Nd4 27.
Rc8+ Rxc8 28. Bxc8 a5 29. Be5 Nc2 30. Bc3 Rd8 31. Rc1 Rxc8 32. Rxc2 Nh5 33. Rd2
h6 34. Bxa5 Nf4+ 35. Kg3 Nh5+ 36. Kh2 Rc5 37. Bc3 Rf5 38. Rd4 Rxf3 39. Kg2 Rf5
40. Bd2 Nf6 41. b4 Kf8 42. a4 Ke8 43. a5 Rb5 44. Kf3 Nd5 45. Ke4 f5+ 46. Kd3 g5
47. Kc4 Nc7 48. Rd6 Re5 49. Rxh6 f4 50. Bc3 Re2 51. Bd4 Ne6 52. a6 Re4 53.
Rxe6+ Rxe6 54. a7 Ra6 55. b5 Ra4+ 56. Kc5 Rxa7 57. Kc6 Ra4 58. Bf6 Ra2 59. b6
Rxf2 60. Bxg5 Rc2+ 61. Kd5 f3 62. b7 Rb2 63. Be3 Rxb7 64. Ke4 Rf7 65. Bf2 Kf8
66. h4 Kg7 67. Ke3 Kg6 68. Bg3 Kh5 69. Kf2 Kg4 70. Be5 Kxh4 71. Kf1 Kg4 72. Kf2
Ra7 73. Kf1 Ra2 74. Bf6 Rc2 75. Be5 Kh3 76. Bf4 Rg2 77. Be5 Rc2 78. Bf4 Kg4 79.
Be5 Kf5 80. Bg3 Ke4 81. Bh4 Rc1+ 82. Kf2 Rh1 83. Bg5 Rh2+ 84. Kf1 Kd3 85. Bf4
Rh1+ 86. Kf2 Ke4 87. Bg3 Rh3 88. Bd6 Rh6 89. Bg3 Rg6 90. Bc7 Rg2+ 91. Kf1 Rc2
92. Bb8 f2 93. Ba7 Kf3 0-1

[Event "23rd 4NCL Congress"]
[Site "South Normanton"]
[Date "2019.10.06"]
[Round "5.18"]
[White "Robinson, Brian"]
[Black "Livesey, R  Nigel"]
[Result "1/2-1/2"]
[WhiteElo "1545"]
[BlackElo "1740"]
[PlyCount "60"]
[EventDate "2019.10.04"]

1. d4 e6 2. Nf3 f5 3. Nc3 Nf6 4. Bg5 Be7 5. Bxf6 Bxf6 6. e4 fxe4 7. Nxe4 O-O 8.
Bd3 Nc6 9. c3 b6 10. O-O Bb7 11. Qc2 g6 12. Rfe1 d6 13. Re2 e5 14. Nxf6+ Qxf6
15. dxe5 Nxe5 16. Nxe5 dxe5 17. Be4 c6 18. Rd1 Rad8 19. Red2 Qe7 20. Rd3 Rxd3
21. Qxd3 c5 22. Bxb7 Qxb7 23. Qd5+ Qxd5 24. Rxd5 Rf5 25. Kf1 Kf8 26. Rd8+ Kg7
27. Ke2 Rf8 28. Rxf8 Kxf8 29. Ke3 Ke7 30. Ke4 Ke6 1/2-1/2

[Event "23rd 4NCL Congress"]
[Site "South Normanton"]
[Date "2019.10.06"]
[Round "5.19"]
[White "Kaper, Andreas"]
[Black "Arora, Tashika"]
[Result "0-1"]
[WhiteElo "1502"]
[BlackElo "1506"]
[PlyCount "60"]
[EventDate "2019.10.04"]

1. e4 c5 2. Nf3 d6 3. b3 Nf6 4. d3 g6 5. Bb2 Bg7 6. Nbd2 O-O 7. Be2 Nc6 8. O-O
e6 9. Nc4 d5 10. exd5 exd5 11. Nce5 Nxe5 12. Nxe5 Re8 13. Ng4 Nxg4 14. Bxg7
Nxh2 15. Kxh2 Kxg7 16. Kg1 b6 17. Bf3 Bb7 18. Qd2 Qc7 19. Rfe1 d4 20. Bxb7 Qxb7
21. Qf4 Qc6 22. Re5 Qf6 23. Qxf6+ Kxf6 24. Rxe8 Rxe8 25. Kf1 Re5 26. Re1 h5 27.
f4 Rxe1+ 28. Kxe1 Kf5 29. g3 h4 30. Kf2 Kg4 0-1